000 00925cam a22002771 4500
001 4753
003 BD-RjUL
005 20211208233941.0
008 131223s1953 nyua 001 0 eng
035 _a(BD-RjUL)4788
035 _a(OCoLC)544719
040 _aDLC
_cODaWU
_dOCoLC
_dUk
_dDLC
_dBD-RjUL
_beng
041 _aeng
082 _a546.3
_bDAP
100 1 _aDarken, Lawrence Stamper,
_d1909-
_914990
245 1 0 _aPhysical chemistry of metals /
_c[by] Lawrence S. Darken [and] Robert W. Gurry; with a collection of problems by Michael B. Bever.
260 _aNew York :
_bMcGraw-Hill,
_cc1953.
300 _a535 p. :
_billus. ;
_c24 cm.
490 0 _aMetallurgy and metallurgical engineering series
504 _aIncludes index.
650 0 _aMetals.
_914472
650 0 _aChemistry, Physical and theoretical.
_9426
700 1 _aGurry, Robert Wilton,
_ejoint author.
_914991
942 _2ddc
_cBK
999 _c4753
_d4753